000 00657nam a2200205 i 4500
001 72187
003 ES-MaACL
005 20251005063050.0
007 t|
008 040827s1969 sp ||||1| spa d
100 1 _aGilson, Étienne,
_d1884-1978
_957015
245 1 0 _aElementos de Filosofía cristiana /
_cEtienne Gilson ; [versión por Amalio García-Arias].
260 _aMadrid :
_bRialp,
_c[1969]
300 _a363 p. ;
_c23 cm.
600 0 4 _aTomás de Aquino,
_cSanto
_9110514
650 0 7 _aFilosofía cristiana
_2embne
_912834
700 1 _aGarcía-Arias, Amalio
_954184
852 _aES-MaACL
_jC-38103
_bR.71758
999 _c72187
_d72187